000 00984cad a22001935a 4500
001 L150524
008 100722e2010 xxk 000 0 eng d
035 _a(Sirsi) u150524
041 0 _aeng
110 2 _aUnited Kingdom
_bDepartment for Environment, Food and Rural Affairs
245 0 0 _aMarine planning system for England consultation
_b(Ref: 30/10)
_h[electronic resource]
260 _aLondon
_bDEFRA
_c2010
520 _aFar reaching consultation on the implementation of the marine planning system. Marine planning will define the future of seas in any given area and remove barriers to growth in order to enable the best use of resources. The consultation closes on 13 October 2010.
590 _aKA
651 4 _aUnited Kingdom
_y
690 _aPROPERTY-RURAL AND NATURAL ASSETS-MARINE RESOURCES-MARINE RESOURCE MANAGEMENT
856 4 0 _uhttps://archive.defra.gov.uk/corporate/consult/marine-planning/
_zView the consultation free of charge at www.defra.gov.uk
942 _n0
999 _c110900
_d110900